000 00540nam a2200169 i 4500
001 bg
100 1 _aBOCZAR, Jerzy
245 0 _aWzory służące do modelowania procesów rozprzestrzeniania i przekształcania zanieczyszczeń w rzekach /
_cJerzy Boczar.
260 _aSzczecin,
_c1980.
490 1 _aPrace Naukowe Politechniki Szczecińskiej ;
_vnr 148
830 _aPrace Naukowe Politechniki Szczecińskiej ;
040 _cBPK
041 _apol
080 _a628.3:556.5
942 _cKS
008 s pl f |000 0 pol
999 _c19581
_d19581
856 _uhttp://koha.tu.koszalin.pl/cgi-bin/koha/opac-detail.pl?biblionumber=19581
_yKatalog online BPK